Vegyesek Komáromi vámpör a XIV. században /

Elmentve itt :
Bibliográfiai részletek
Szerző: Sörös Pongrác
Dokumentumtípus: Cikk
Megjelent: 1899
Sorozat:Magyar gazdaságtörténelmi szemle 6
Kulcsszavak:Közgazdaságtudomány, Gazdaságtörténet
Online Access:http://misc.bibl.u-szeged.hu/481
LEADER 00613nab a2200169 i 4500
001 misc481
005 20191106144153.0
008 170607s1899 hu o 0|| hun d
040 |a SZTE Miscellanea Repozitórium  |b hun 
041 |a hun 
100 1 |a Sörös Pongrác 
245 1 0 |a Vegyesek   |h [elektronikus dokumentum] :  |b Komáromi vámpör a XIV. században /  |c  Sörös Pongrác 
260 |c 1899 
300 |a 478-483 
490 0 |a Magyar gazdaságtörténelmi szemle  |v 6 
695 |a Közgazdaságtudomány, Gazdaságtörténet 
856 4 0 |u http://misc.bibl.u-szeged.hu/481/1/gazd_tort_szeml_1899_478-483.pdf  |z Dokumentum-elérés